| 000 | 00821cam a2200217 i 4500 | ||
|---|---|---|---|
| 005 | 20260115092841.0 | ||
| 008 | 250721s2010 JO gr 000 0 ara d | ||
| 020 | _a9789957416517 | ||
| 082 | 1 | 4 |
_a320 _bن و ف |
| 100 | 1 |
_aنوفل، أحمد سعيد _eمؤلف |
|
| 245 | 3 | 1 |
_aمدخل إلى علم السياسة / _cأ.د. احمد سعيد نوفل، أ.د. محمد صفي الدين خربوش، أ.دجلال معوض |
| 250 | _aالطبعة الاولى، | ||
| 264 | 1 |
_aعمان : _bالمركز العلمي للدراسات السياسية، _c2010. |
|
| 300 | _a379صفحة. | ||
| 650 | 1 | 7 | _aالعلوم |
| 650 | 1 | 7 | _aالسياسة |
| 700 | 1 |
_aخربوش، محمد صفي الدين _eمؤلف. |
|
| 700 | 1 |
_aمعوض، جلال _eمؤلف. |
|
| 942 |
_2ddc _cBK |
||
| 999 |
_c120139 _d120139 |
||